Most Tornado Prone Metro Areas In The USA - Statistics

General Stats
  • This quiz has been taken 64 times
  • The average score is 5 of 15
Answer Stats
State Population Index Rating Answer % Correct
Oklahoma 1,297,998 594.61 Oklahoma City
98%
Oklahoma 954,055 390.20 Tulsa
89%
Arkansas 716,849 434.55 Little Rock
81%
Mississippi 574,998 415.90 Jackson
59%
Louisiana 445,305 405.60 Shreveport
59%
Alabama 430,396 381.30 Huntsville
54%
Oklahoma 78,723 403.95 Stillwater
28%
Alabama 153,579 376.04 Decatur
11%
Oklahoma 37,873 364.30 Ada
6%
Oklahoma 70,700 530.86 Shawnee
6%
Arkansas 36,861 375.26 Batesville
2%
Arkansas 78,275 462.61 Searcy
2%
Alabama 94,121 390.30 Albertville
0%
Alabama 80,668 434.54 Cullman
0%
Texas 66,971 381.03 Marshall
0%
No matching quizzes found
Score Distribution
Percent of People with Each Score
Percentile by Number Answered
Your Score History
You have not taken this quiz